| 000 | 01548cam a22003614a 4500 | ||
|---|---|---|---|
| 001 | 13799682 | ||
| 003 | OSt | ||
| 005 | 20170105113110.0 | ||
| 008 | 041126s2006 caua b 001 0 eng d | ||
| 010 | _a 2004117046 | ||
| 020 | _a0534418201 | ||
| 020 | _a0495010839 (CDROM) | ||
| 035 | _a(OCoLC)ocm58918467 | ||
| 040 |
_aOGE _cOGE _dVET _dOCL _dDLC |
||
| 042 | _alccopycat | ||
| 050 | 0 | 0 |
_aQH323.5 _b.R674 2006 |
| 082 | 0 | 0 |
_a570.1/5195 _222 |
| 100 | 1 |
_aRosner, Bernard _q(Bernard A.) |
|
| 245 | 1 | 0 |
_aFundamentals of biostatistics / _cBernard Rosner. |
| 260 |
_aBelmont, CA : _bThomson-Brooks/Cole, _cc2006. |
||
| 300 |
_axix, 868 p. : _bill. ; _c25 cm. + _e1 CD-ROM (4 3/4 in.) |
||
| 500 | _aAccompanying CD-ROM contains a student study guide, and data sets in the formats of Minitab, SPSS, SAS, JMP, Excel, and ASCII. | ||
| 504 | _aIncludes bibliographical references and index. | ||
| 538 | _aSystem requirements: Microsoft Windows. | ||
| 650 | 0 | _aBiometry. | |
| 650 | 0 | _aMedical statistics. | |
| 856 | 4 | 2 |
_3Contributor biographical information _uhttp://www.loc.gov/catdir/enhancements/fy1103/2004117046-b.html |
| 856 | 4 | 2 |
_3Publisher description _uhttp://www.loc.gov/catdir/enhancements/fy1103/2004117046-d.html |
| 856 | 4 | 1 |
_3Table of contents only _uhttp://www.loc.gov/catdir/enhancements/fy1514/2004117046-t.html |
| 906 |
_a7 _bcbc _ccopycat _d3 _eepcn _f20 _gy-gencatlg |
||
| 942 |
_2ddc _cBK |
||
| 999 |
_c33486 _d33486 |
||